[Event "NB I. Charousek csoport"]
[Site "Biatorbagy"]
[Date "2024.04.21"]
[Round "10.7"]
[White "Bodo, Bence"]
[Black "Felmery, Mate"]
[Result "1/2-1/2"]
[WhiteElo "2256"]
[BlackElo "2159"]
[PlyCount "111"]
[EventDate "2023.10.08"]
[EventType "team-tourn"]
[EventRounds "11"]
[EventCountry "HUN"]
[Source "chess.hu"]
[WhiteTeam "Tuxera ANSK II."]
[BlackTeam "Biatorbagy II"]
[WhiteTeamCountry "HUN"]
[BlackTeamCountry "HUN"]

1. e4 c5 2. Nf3 d6 3. d4 cxd4 4. Nxd4 Nf6 5. Bd3 Nc6 6. Nb3 d5 7. exd5 Nxd5 8.
O-O e5 9. Be4 Be6 10. Qf3 Qd7 11. Qe2 Rd8 12. c4 Nf6 13. Bxc6 Qxc6 14. Qxe5
Qxc4 15. Nc3 a6 16. Rd1 Rxd1+ 17. Nxd1 Be7 18. Ne3 Qe2 19. Bd2 O-O 20. Re1 Qd3
21. Bc3 Re8 22. h3 Qg6 23. Kf1 Bf8 24. Qf4 Ne4 25. Ng4 Nxc3 26. bxc3 Qd3+ 27.
Kg1 Qxc3 28. Re3 Qc2 29. Nf6+ gxf6 30. Rg3+ Bg7 31. Qxf6 Qd1+ 32. Kh2 Bg4 33.
Qg5 Re6 34. Rxg4 Rg6 35. Qf5 Qd6+ 36. g3 h6 37. Rxg6 fxg6 38. Qc8+ Kh7 39. Qxb7
a5 40. Qe4 Qa3 41. Qc2 h5 42. h4 Qa4 43. Qd2 Be5 44. Kg1 Bc7 45. Nc5 Qc6 46.
Qe3 Bd8 47. Ne4 Qd5 48. Qf3 Qxa2 49. Qd3 Be7 50. Qb5 Qe6 51. Qb7 Kh6 52. Qa8
Kg7 53. Kg2 Kh7 54. Qb7 Kh6 55. Qa8 Kg7 56. Qb7 1/2-1/2

[Event "NB I. Charousek csoport"]
[Site "Biatorbagy"]
[Date "2024.04.21"]
[Round "10.8"]
[White "Jamrich, Gyorgy"]
[Black "Hardicsay, Peter"]
[Result "1/2-1/2"]
[WhiteElo "2178"]
[BlackElo "2176"]
[PlyCount "20"]
[EventDate "2023.10.08"]
[EventType "team-tourn"]
[EventRounds "11"]
[EventCountry "HUN"]
[Source "chess.hu"]
[WhiteTeam "Biatorbagy II"]
[BlackTeam "Tuxera ANSK II."]
[WhiteTeamCountry "HUN"]
[BlackTeamCountry "HUN"]

1. d4 Nf6 2. Nd2 d5 3. Ngf3 g6 4. b3 Bg7 5. Bb2 c6 6. e3 O-O 7. Bd3 Bf5 8. Bxf5
gxf5 9. Ne5 Nbd7 10. Ndf3 Ne4 1/2-1/2

[Event "NB I. Charousek csoport"]
[Site "Biatorbagy"]
[Date "2024.04.21"]
[Round "10.9"]
[White "Varga, Richard"]
[Black "Farkas, Otto Jr"]
[Result "1-0"]
[WhiteElo "2041"]
[BlackElo "1940"]
[PlyCount "103"]
[EventDate "2023.10.08"]
[EventType "team-tourn"]
[EventRounds "11"]
[EventCountry "HUN"]
[Source "chess.hu"]
[WhiteTeam "Tuxera ANSK II."]
[BlackTeam "Biatorbagy II"]
[WhiteTeamCountry "HUN"]
[BlackTeamCountry "HUN"]

1. e4 Nf6 2. e5 Nd5 3. c4 Nb6 4. d4 d6 5. exd6 cxd6 6. Nc3 g6 7. Be3 Bg7 8. Rc1
O-O 9. b3 Bf5 10. Nf3 d5 11. c5 Nc8 12. Be2 Bg4 13. O-O Nc6 14. b4 e6 15. b5
Na5 16. Ne5 Bxe2 17. Nxe2 b6 18. Bd2 bxc5 19. Qe1 Nb7 20. Nc6 Qb6 21. dxc5 Qxb5
22. Ned4 Qa4 23. Qd1 Qxd1 24. Rfxd1 Nd8 25. Ba5 Nxc6 26. Nxc6 Re8 27. Rb1 Ne7
28. Nxe7+ Rxe7 29. c6 Ree8 30. Bc7 Rec8 31. Rb7 Bf6 32. Rdb1 Kf8 33. a4 Ke8 34.
a5 Be7 35. a6 Bc5 36. Kf1 Be7 37. Ke2 Bc5 38. f4 h5 39. g3 Be7 40. h3 Bc5 41.
g4 h4 42. Kf3 f6 43. f5 gxf5 44. gxf5 e5 45. R1b5 e4+ 46. Ke2 Bd6 47. Bxd6 Rxc6
48. Rh7 Rac8 49. Rbb7 Rc2+ 50. Ke3 R8c3+ 51. Kf4 Rf2+ 52. Kg4 1-0

[Event "NB I. Charousek csoport"]
[Site "Biatorbagy"]
[Date "2024.04.21"]
[Round "10.10"]
[White "Makay, Mark Janos"]
[Black "Sipos, Janos"]
[Result "0-1"]
[WhiteElo "2068"]
[BlackElo "2182"]
[PlyCount "54"]
[EventDate "2023.10.08"]
[EventType "team-tourn"]
[EventRounds "11"]
[EventCountry "HUN"]
[Source "chess.hu"]
[WhiteTeam "Biatorbagy II"]
[BlackTeam "Tuxera ANSK II."]
[WhiteTeamCountry "HUN"]
[BlackTeamCountry "HUN"]

1. e4 c5 2. Nf3 Nc6 3. d4 cxd4 4. Nxd4 g6 5. c4 Bg7 6. Be3 Nf6 7. Nc3 O-O 8.
Be2 d6 9. O-O Bd7 10. Nc2 Qa5 11. f3 Rfc8 12. Rc1 Be6 13. Na3 a6 14. Nd5 Bxd5
15. cxd5 Ne5 16. f4 Ned7 17. Nc4 Qd8 18. e5 dxe5 19. fxe5 Rxc4 20. Bxc4 Nxe5
21. Bb3 Neg4 22. Qf3 Nxe3 23. Qxe3 Qd6 24. Qf4 Qxf4 25. Rxf4 Bh6 26. Rxf6 Bxc1
27. Rb6 Be3+ 0-1

[Event "NB I. Charousek csoport"]
[Site "Biatorbagy"]
[Date "2024.04.21"]
[Round "10.11"]
[White "Biskopics, Marton"]
[Black "Csoli, Odon"]
[Result "1/2-1/2"]
[WhiteElo "1966"]
[BlackElo "2061"]
[PlyCount "43"]
[EventDate "2023.10.08"]
[EventType "team-tourn"]
[EventRounds "11"]
[EventCountry "HUN"]
[Source "chess.hu"]
[WhiteTeam "Tuxera ANSK II."]
[BlackTeam "Biatorbagy II"]
[WhiteTeamCountry "HUN"]
[BlackTeamCountry "HUN"]

1. c4 c6 2. d4 d5 3. Nf3 Nf6 4. Nc3 e6 5. e3 Nbd7 6. Bd3 dxc4 7. Bxc4 Bd6 8.
O-O O-O 9. e4 e5 10. dxe5 Nxe5 11. Nxe5 Bxe5 12. Qxd8 Rxd8 13. Bg5 h6 14. Bxf6
Bxf6 15. Rfd1 b5 16. Rxd8+ Bxd8 17. Bb3 Kf8 18. Rd1 Bc7 19. Ne2 c5 20. Bd5 Rb8
21. h3 Be6 22. Bxe6 1/2-1/2

[Event "NB I. Charousek csoport"]
[Site "Biatorbagy"]
[Date "2024.04.21"]
[Round "10.12"]
[White "Vida, Daniel"]
[Black "Beznicza, Mira"]
[Result "1-0"]
[WhiteElo "1986"]
[BlackElo "1819"]
[PlyCount "59"]
[EventDate "2023.10.08"]
[EventType "team-tourn"]
[EventRounds "11"]
[EventCountry "HUN"]
[Source "chess.hu"]
[WhiteTeam "Biatorbagy II"]
[BlackTeam "Tuxera ANSK II."]
[WhiteTeamCountry "HUN"]
[BlackTeamCountry "HUN"]

1. d4 d5 2. Nf3 Nf6 3. Bf4 c5 4. e3 Bf5 5. c3 e6 6. Bxb8 Rxb8 7. Bb5+ Ke7 8.
dxc5 Ne4 9. b4 Qc7 10. Nd4 Bg6 11. f3 Nf6 12. O-O h5 13. Nd2 h4 14. Qe2 h3 15.
g4 a6 16. Ba4 Kd8 17. e4 dxe4 18. g5 Rh5 19. f4 Nd5 20. Nxe4 Nxf4 21. Qd2 Ke7
22. Qxf4 Qxf4 23. Rxf4 e5 24. Nf5+ Kd8 25. Rd1+ Kc8 26. Rf3 Rh8 27. Ned6+ Kc7
28. Nxf7 Bxf7 29. Rd7+ Kc8 30. Rxf7 1-0

[Event "NB I. Charousek csoport"]
[Site "Budapest"]
[Date "2024.04.21"]
[Round "10.1"]
[White "Molnar, Bela"]
[Black "Papp, Levente"]
[Result "0-1"]
[WhiteElo "2290"]
[BlackElo "2355"]
[PlyCount "56"]
[EventDate "2023.10.08"]
[EventType "team-tourn"]
[EventRounds "11"]
[EventCountry "HUN"]
[Source "chess.hu"]
[WhiteTeam "ASE II. Paks"]
[BlackTeam "MTK Budapest"]
[WhiteTeamCountry "HUN"]
[BlackTeamCountry "HUN"]

1. e4 e6 2. d4 d5 3. exd5 exd5 4. Bd3 Nc6 5. Ne2 Bd6 6. Nbc3 Nge7 7. Bg5 f6 8.
Bf4 O-O 9. Qd2 Nb4 10. Nb5 Nxd3+ 11. cxd3 Bxf4 12. Qxf4 c6 13. Nbc3 Qb6 14. Rb1
Ng6 15. Qg3 f5 16. f4 Re8 17. O-O Bd7 18. b4 Re7 19. b5 Qa5 20. bxc6 Bxc6 21.
Qg5 Rae8 22. Rf2 b5 23. Qxf5 b4 24. Ne4 Qxa2 25. N2c3 Qa5 26. Ne2 Qa3 27. Ng5
Qa2 28. Re1 Bd7 0-1

[Event "NB I. Charousek csoport"]
[Site "Budapest"]
[Date "2024.04.21"]
[Round "10.2"]
[White "Ongut, Tamas Gunes"]
[Black "Forgacs, Attila Jr"]
[Result "1-0"]
[WhiteElo "2318"]
[BlackElo "2265"]
[PlyCount "87"]
[EventDate "2023.10.08"]
[EventType "team-tourn"]
[EventRounds "11"]
[EventCountry "HUN"]
[Source "chess.hu"]
[WhiteTeam "MTK Budapest"]
[BlackTeam "ASE II. Paks"]
[WhiteTeamCountry "HUN"]
[BlackTeamCountry "HUN"]

1. e4 e5 2. Nf3 Nc6 3. Bc4 Nf6 4. d4 exd4 5. e5 d5 6. Bb5 Ne4 7. Nxd4 Bd7 8.
Bxc6 bxc6 9. O-O Bc5 10. f3 Ng5 11. f4 Ne4 12. Be3 Bb6 13. Nd2 c5 14. N4f3 Nxd2
15. Qxd2 d4 16. Bf2 Bc6 17. a4 a5 18. Bh4 Qd7 19. b3 O-O 20. Qd3 Rae8 21. Rae1
Bxf3 22. Rxf3 f5 23. exf6 Rxe1+ 24. Bxe1 Rxf6 25. f5 Qd5 26. Bh4 Rf8 27. Be7
Rf7 28. f6 Qe6 29. Qb5 h6 30. Kf1 gxf6 31. Qe8+ Kh7 32. Rg3 Qf5+ 33. Kg1 Rg7
34. Bf8 Rxg3 35. Qf7+ Kh8 36. hxg3 Qh7 37. Qxf6+ Kg8 38. Bxh6 Qf7 39. Qxf7+
Kxf7 40. Kf1 Kg6 41. Bd2 Kf5 42. Ke2 Ke4 43. Bg5 c6 44. Be7 1-0

[Event "NB I. Charousek csoport"]
[Site "Budapest"]
[Date "2024.04.21"]
[Round "10.3"]
[White "Bodrogi, Bendeguz"]
[Black "Matyassy, Lazar"]
[Result "1-0"]
[WhiteElo "2351"]
[BlackElo "2154"]
[PlyCount "85"]
[EventDate "2023.10.08"]
[EventType "team-tourn"]
[EventRounds "11"]
[EventCountry "HUN"]
[Source "chess.hu"]
[WhiteTeam "ASE II. Paks"]
[BlackTeam "MTK Budapest"]
[WhiteTeamCountry "HUN"]
[BlackTeamCountry "HUN"]

1. Nf3 g6 2. e4 c5 3. d4 cxd4 4. Qxd4 Nf6 5. Nc3 Nc6 6. Qa4 d6 7. e5 dxe5 8.
Nxe5 Qd4 9. Nc4 Ng4 10. Be3 Nxe3 11. fxe3 Qd8 12. Ne5 Bg7 13. Nxc6 bxc6 14.
Qxc6+ Bd7 15. Qd5 e6 16. Qd2 Bc6 17. Qxd8+ Rxd8 18. Nd1 Ke7 19. Rg1 Be4 20. c3
Rd6 21. Nf2 Bb7 22. Bd3 Rhd8 23. Ke2 f5 24. g3 g5 25. Rgd1 g4 26. e4 h5 27. Bc2
Bh6 28. Rxd6 Rxd6 29. Rd1 f4 30. Rxd6 f3+ 31. Kd3 Kxd6 32. Ba4 Ke7 33. b4 Bc1
34. e5 Kf7 35. Bd7 Ke7 36. Bb5 Kf7 37. Bd7 Ke7 38. Bb5 Kf7 39. a4 a5 40. bxa5
Ba3 41. a6 Bd5 42. Kd4 Ke7 43. a7 1-0

[Event "NB I. Charousek csoport"]
[Site "Budapest"]
[Date "2024.04.21"]
[Round "10.4"]
[White "Kovacsy, Barnabas"]
[Black "Bernath, Bence"]
[Result "1-0"]
[WhiteElo "2275"]
[BlackElo "2261"]
[PlyCount "91"]
[EventDate "2023.10.08"]
[EventType "team-tourn"]
[EventRounds "11"]
[EventCountry "HUN"]
[Source "chess.hu"]
[WhiteTeam "MTK Budapest"]
[BlackTeam "ASE II. Paks"]
[WhiteTeamCountry "HUN"]
[BlackTeamCountry "HUN"]

1. e4 e5 2. Nf3 Nc6 3. Bb5 a6 4. Ba4 d6 5. O-O Bg4 6. h3 h5 7. Bxc6+ bxc6 8. d4
Bxf3 9. Qxf3 exd4 10. e5 d5 11. c3 d3 12. Qxd3 Ne7 13. Re1 Qd7 14. e6 fxe6 15.
Nd2 g6 16. Nf3 Bg7 17. Bg5 Kf7 18. Qe3 Nf5 19. Ne5+ Bxe5 20. Qxe5 Ng7 21. Qf6+
Kg8 22. Qxg6 Qf7 23. Qc2 Rf8 24. Re5 h4 25. Rae1 Rh5 26. f4 Qe8 27. Qe2 a5 28.
Qg4 Qg6 29. Rxe6 Nxe6 30. Rxe6 Qf5 31. Be7+ Qxg4 32. hxg4 Rh7 33. Bxf8 Kxf8 34.
Rxc6 Re7 35. Kf2 Re4 36. Kf3 Re1 37. Rxc7 Rf1+ 38. Ke3 Re1+ 39. Kf2 Rd1 40. g5
Rd2+ 41. Kf3 Rxb2 42. f5 Rxa2 43. g6 Ra1 44. Kf4 Rb1 45. Rc8+ Kg7 46. Kg5 1-0

[Event "NB I. Charousek csoport"]
[Site "Budapest"]
[Date "2024.04.21"]
[Round "10.5"]
[White "Losonczi, Marcell"]
[Black "Geher, Koppany"]
[Result "1/2-1/2"]
[WhiteElo "2200"]
[BlackElo "2274"]
[PlyCount "120"]
[EventDate "2023.10.08"]
[EventType "team-tourn"]
[EventRounds "11"]
[EventCountry "HUN"]
[Source "chess.hu"]
[WhiteTeam "ASE II. Paks"]
[BlackTeam "MTK Budapest"]
[WhiteTeamCountry "HUN"]
[BlackTeamCountry "HUN"]

1. e4 c5 2. Nf3 e6 3. c4 Nc6 4. Nc3 Nd4 5. d3 Ne7 6. g3 Nec6 7. Bg2 g6 8. O-O
Bg7 9. Nxd4 Nxd4 10. Ne2 O-O 11. Nxd4 Bxd4 12. Qe2 b5 13. Be3 bxc4 14. Bxd4
cxd4 15. e5 Rb8 16. dxc4 f6 17. Rad1 fxe5 18. Qxe5 Rxb2 19. a4 Qf6 20. Qxf6
Rxf6 21. Rxd4 Rf5 22. f4 Rc5 23. g4 Rb4 24. f5 Rbxc4 25. Rxc4 Rxc4 26. fxe6
dxe6 27. Rb1 Kf7 28. Rb8 Ke7 29. h3 Kd6 30. Ra8 Rc7 31. Kf2 Rc2+ 32. Ke3 Rxg2
33. Rxc8 Ra2 34. Rh8 Rxa4 35. Rxh7 Ke5 36. Rg7 Ra3+ 37. Ke2 Kf6 38. Rh7 a5 39.
h4 a4 40. h5 gxh5 41. gxh5 Rh3 42. Ra7 a3 43. Kf2 Kg5 44. Kg2 Rb3 45. Ra5+ Kg4
46. h6 Rg3+ 47. Kf2 Rh3 48. Ra4+ Kf5 49. h7 Rxh7 50. Rxa3 Rh2+ 51. Ke1 e5 52.
Rb3 Kf4 53. Ra3 e4 54. Rb3 Ra2 55. Rc3 Rg2 56. Ra3 Rg5 57. Ke2 Rb5 58. Rc3 Ke5
59. Ra3 Kd4 60. Ra4+ Kd5 1/2-1/2

[Event "NB I. Charousek csoport"]
[Site "Budapest"]
[Date "2024.04.21"]
[Round "10.6"]
[White "Fodor, Balazs"]
[Black "Toth, Gergely"]
[Result "1-0"]
[WhiteElo "2244"]
[BlackElo "2143"]
[PlyCount "65"]
[EventDate "2023.10.08"]
[EventType "team-tourn"]
[EventRounds "11"]
[EventCountry "HUN"]
[Source "chess.hu"]
[WhiteTeam "MTK Budapest"]
[BlackTeam "ASE II. Paks"]
[WhiteTeamCountry "HUN"]
[BlackTeamCountry "HUN"]

1. d4 Nf6 2. c4 e6 3. Nf3 b6 4. g3 Ba6 5. Nbd2 Bb7 6. Bg2 c5 7. d5 exd5 8. cxd5
Bxd5 9. e4 Bc6 10. e5 Ne4 11. Nxe4 Bxe4 12. Qa4 Bc6 13. Qg4 Qe7 14. O-O Qe6 15.
Qh4 Be7 16. Bg5 h6 17. Bxe7 Qxe7 18. Qg4 O-O 19. Rfe1 Bxf3 20. Bxf3 Nc6 21.
Rad1 Rad8 22. Bd5 Nd4 23. f4 d6 24. e6 f5 25. Qh5 Rf6 26. Rd2 Kh7 27. h4 g6 28.
Qd1 h5 29. Qa4 Rc8 30. Qd7 Rc7 31. Qxc7 Qxc7 32. e7 Re6 33. Rxe6 1-0

[Event "NB I. Charousek csoport"]
[Site "Budapest"]
[Date "2024.04.21"]
[Round "10.7"]
[White "Szegedy, Matyas"]
[Black "Virag, Balint"]
[Result "0-1"]
[WhiteElo "2188"]
[BlackElo "2127"]
[PlyCount "204"]
[EventDate "2023.10.08"]
[EventType "team-tourn"]
[EventRounds "11"]
[EventCountry "HUN"]
[Source "chess.hu"]
[WhiteTeam "ASE II. Paks"]
[BlackTeam "MTK Budapest"]
[WhiteTeamCountry "HUN"]
[BlackTeamCountry "HUN"]

1. e4 e5 2. Nf3 Nc6 3. Bb5 a6 4. Ba4 Nf6 5. O-O Nxe4 6. d4 b5 7. Bb3 d5 8. dxe5
Be6 9. c3 Bc5 10. Nbd2 O-O 11. Bc2 Bf5 12. Nb3 Bg6 13. Nxc5 Nxc5 14. Bxg6 fxg6
15. Be3 Ne4 16. a4 b4 17. cxb4 Nxb4 18. Rc1 Qe7 19. Nd2 Nd3 20. Nxe4 dxe4 21.
Rc4 Qxe5 22. Qg4 Rfe8 23. b3 Rab8 24. Qd7 Re7 25. Qc6 a5 26. Bd4 Qd6 27. Rb1
Ne5 28. Bxe5 Qxe5 29. Rc5 Qd4 30. Qd5+ Qxd5 31. Rxd5 e3 32. fxe3 Rxe3 33. Rxa5
Rbxb3 34. Ra8+ Kf7 35. Rxb3 Rxb3 36. Rc8 Rb7 37. Kf2 Ke6 38. Re8+ Kd5 39. Re2
c5 40. Ra2 Kc4 41. Rc2+ Kd4 42. Ke2 Ra7 43. Ra2 Ra5 44. Kd2 Kc4 45. Ra1 Kb3 46.
Rb1+ Kc4 47. Ra1 Ra6 48. Rc1+ Kd4 49. Ra1 Rf6 50. a5 c4 51. a6 c3+ 52. Ke2 Re6+
53. Kd1 Kd3 54. Ra3 Rb6 55. Kc1 Rf6 56. Kb1 Kd2 57. Ra2+ Kd1 58. a7 Rf8 59. Rc2
Ra8 60. Rxc3 Rxa7 61. Rh3 Rb7+ 62. Ka2 h6 63. Re3 g5 64. h3 Kd2 65. Re6 Kd3 66.
Re8 Rf7 67. Kb3 Rf2 68. Re7 Rxg2 69. Rxg7 Rh2 70. Rc7 Ke4 71. Rc3 Re2 72. Rc4+
Kf5 73. h4 g4 74. Rc8 Rh2 75. Kc3 Rxh4 76. Kd3 Rh2 77. Ke3 Ra2 78. Rc5+ Kg6 79.
Kf4 Ra4+ 80. Kg3 h5 81. Rc6+ Kf7 82. Rc5 Ra3+ 83. Kg2 Kg6 84. Rb5 Rf3 85. Ra5
Rf5 86. Ra4 Kg5 87. Rb4 Ra5 88. Rb2 Ra3 89. Rc2 h4 90. Rb2 h3+ 91. Kh2 Kh4 92.
Rb4 Rf3 93. Ra4 Rf2+ 94. Kg1 Rb2 95. Rc4 Re2 96. Ra4 Kg3 97. Ra3+ Kf4 98. Ra8
g3 99. Rf8+ Ke3 100. Re8+ Kd3 101. Rd8+ Kc4 102. Rc8+ Kb5 0-1

[Event "NB I. Charousek csoport"]
[Site "Budapest"]
[Date "2024.04.21"]
[Round "10.8"]
[White "Gergely, Daniel"]
[Black "Berta, Tibor"]
[Result "1-0"]
[WhiteElo "2262"]
[BlackElo "2034"]
[PlyCount "143"]
[EventDate "2023.10.08"]
[EventType "team-tourn"]
[EventRounds "11"]
[EventCountry "HUN"]
[Source "chess.hu"]
[WhiteTeam "MTK Budapest"]
[BlackTeam "ASE II. Paks"]
[WhiteTeamCountry "HUN"]
[BlackTeamCountry "HUN"]

1. d4 Nf6 2. c4 e6 3. Nc3 Bb4 4. Qc2 d5 5. cxd5 exd5 6. Bg5 O-O 7. e3 h6 8. Bh4
Re8 9. Bd3 c6 10. Nf3 Be7 11. Bg3 Nbd7 12. O-O Nf8 13. h3 Bd6 14. Ne5 Qe7 15.
Rab1 N6d7 16. f4 f6 17. Nxd7 Bxd7 18. Rbe1 Bb4 19. f5 Bd6 20. Qf2 Bxg3 21. Qxg3
Nh7 22. h4 Rad8 23. e4 Qb4 24. exd5 Qxd4+ 25. Kh2 cxd5 26. Rf4 Qc5 27. Nxd5 Bc6
28. Rxe8+ Rxe8 29. Rg4 Bxd5 30. Rxg7+ Kh8 31. Rxh7+ Kxh7 32. Qg6+ Kh8 33. Qxe8+
Bg8 34. Be4 b6 35. Kh3 Qe3+ 36. g3 Qe2 37. Qg6 Qxe4 38. Qxf6+ Kh7 39. Qg6+ Kh8
40. Qf6+ Kh7 41. Qg6+ Kh8 42. Qxh6+ Bh7 43. Qf6+ Kg8 44. Qd8+ Kf7 45. Qd7+ Kg8
46. Qc8+ Kg7 47. Qc7+ Kh6 48. Qc1+ Kg7 49. Qc3+ Kg8 50. g4 Qh1+ 51. Kg3 Qd5 52.
Qc8+ Kg7 53. Qc7+ Kh8 54. Qc3+ Kg8 55. a3 Qd6+ 56. Kf3 a5 57. Qe3 Kf8 58. h5
Bg8 59. Kg2 Qd5+ 60. Kg3 Qb3 61. Qxb3 Bxb3 62. g5 Kg7 63. Kf4 Bd1 64. h6+ Kh7
65. Ke5 Bg4 66. Kf6 Be2 67. Ke7 Bc4 68. f6 Kg6 69. h7 Kxh7 70. f7 Bxf7 71. Kxf7
b5 72. g6+ 1-0

[Event "NB I. Charousek csoport"]
[Site "Budapest"]
[Date "2024.04.21"]
[Round "10.9"]
[White "Buri, Petra Zsuzsanna"]
[Black "Toth, Lili"]
[Result "1/2-1/2"]
[WhiteElo "1947"]
[BlackElo "2003"]
[PlyCount "76"]
[EventDate "2023.10.08"]
[EventType "team-tourn"]
[EventRounds "11"]
[EventCountry "HUN"]
[Source "chess.hu"]
[WhiteTeam "ASE II. Paks"]
[BlackTeam "MTK Budapest"]
[WhiteTeamCountry "HUN"]
[BlackTeamCountry "HUN"]

1. e4 e5 2. Nf3 Nc6 3. Bc4 Nf6 4. d3 Bc5 5. O-O a5 6. a4 d6 7. c3 Ba7 8. Nbd2
O-O 9. Bb3 Bg4 10. Re1 Nd7 11. Nf1 Qf6 12. Be3 Bxf3 13. Qxf3 Qxf3 14. gxf3 Bxe3
15. fxe3 g6 16. d4 Kg7 17. Re2 Ne7 18. Ng3 h5 19. Rg2 Kh6 20. Kh1 Rad8 21. Rag1
c6 22. f4 f6 23. Be6 Nb6 24. dxe5 dxe5 25. f5 g5 26. Nxh5 Nxa4 27. h4 g4 28.
Rxg4 Kxh5 29. Rg7 Rh8 30. Rxe7 Nc5 31. Reg7 Nxe4 32. Bf7+ Kxh4 33. R7g4+ Kh3
34. Rxe4 Rd2 35. Rgg4 Rd1+ 36. Rg1 Rd2 37. Rgg4 Rd1+ 38. Rg1 Rd2 1/2-1/2

[Event "NB I. Charousek csoport"]
[Site "Budapest"]
[Date "2024.04.21"]
[Round "10.10"]
[White "Kaloczi, Kristof"]
[Black "Fodor, Tamas Sr"]
[Result "1-0"]
[WhiteElo "2030"]
[BlackElo "1978"]
[PlyCount "46"]
[EventDate "2023.10.08"]
[EventType "team-tourn"]
[EventRounds "11"]
[EventCountry "HUN"]
[Source "chess.hu"]
[WhiteTeam "MTK Budapest"]
[BlackTeam "ASE II. Paks"]
[WhiteTeamCountry "HUN"]
[BlackTeamCountry "HUN"]

1. e4 e6 2. d3 d5 3. Nd2 Nf6 4. Ngf3 b6 5. c3 Bb7 6. Qc2 Be7 7. Be2 O-O 8. O-O
c5 9. Re1 Nc6 10. Nf1 Rc8 11. Ng3 h6 12. Bd2 Bd6 13. Bf1 Bb8 14. Rad1 Ne5 15.
Nxe5 Bxe5 16. f4 Bb8 17. Bc1 d4 18. Qe2 e5 19. Qf3 Qd7 20. Be2 Rfe8 21. Rf1 Qa4
22. Nf5 Kh7 23. fxe5 Rxe5 1-0

[Event "NB I. Charousek csoport"]
[Site "Budapest"]
[Date "2024.04.21"]
[Round "10.11"]
[White "Nagy, Lajos"]
[Black "Czumbel, Peter"]
[Result "0-1"]
[WhiteElo "1855"]
[BlackElo "2013"]
[PlyCount "130"]
[EventDate "2023.10.08"]
[EventType "team-tourn"]
[EventRounds "11"]
[EventCountry "HUN"]
[Source "chess.hu"]
[WhiteTeam "ASE II. Paks"]
[BlackTeam "MTK Budapest"]
[WhiteTeamCountry "HUN"]
[BlackTeamCountry "HUN"]

1. e4 d6 2. d4 Nf6 3. Nc3 e5 4. Nf3 Nbd7 5. Bc4 Be7 6. dxe5 dxe5 7. O-O O-O 8.
Be3 c6 9. Qe2 b5 10. Bd3 Qc7 11. h3 Nc5 12. Rfd1 a5 13. Rd2 Nxd3 14. cxd3 Ba6
15. Qd1 Rfd8 16. Qc2 Rd7 17. Rc1 c5 18. a4 b4 19. Nb5 Bxb5 20. axb5 Rc8 21. Qa4
Bd6 22. Rdc2 Qa7 23. d4 exd4 24. Nxd4 Nxe4 25. Nc6 Qb6 26. Qxa5 Rb7 27. f3 Ng3
28. Kf2 Qxb5 29. Bxc5 Qxa5 30. Nxa5 Rbc7 31. Bxd6 Rxc2+ 32. Rxc2 Nh1+ 33. Kg1
Rxc2 34. Kxh1 Rxb2 35. Nc4 Rc2 36. Ne3 Rc1+ 37. Kh2 b3 38. Ba3 Re1 39. Nc4 f6
40. Kg3 Re2 41. f4 Kf7 42. Kf3 Rc2 43. Nb2 Ke6 44. g4 Kd5 45. Nd3 Kc4 46. Nb2+
Kc3 47. Nd1+ Kd2 48. Nb2 Rc3+ 49. Kg2 Kc2 50. Na4 Rc4 51. Nb2 Rxf4 52. Kg3 Re4
53. Kf3 Re8 54. Nc4 Kb1 55. Nd2+ Ka2 56. Bc1 b2 57. Bxb2 Kxb2 58. Nc4+ Kc3 59.
Nd6 Re6 60. Nf5 g6 61. Ne3 Kd4 62. Nc2+ Ke5 63. Ne3 Ra6 64. Nc4+ Kd4 65. Nd2
Ra3+ 0-1

[Event "NB I. Charousek csoport"]
[Site "Budapest"]
[Date "2024.04.21"]
[Round "10.12"]
[White "Birovecz, Ben Jordan"]
[Black "Buri, Kata"]
[Result "0-1"]
[WhiteElo "1977"]
[BlackElo "1844"]
[PlyCount "67"]
[EventDate "2023.10.08"]
[EventType "team-tourn"]
[EventRounds "11"]
[EventCountry "HUN"]
[Source "chess.hu"]
[WhiteTeam "MTK Budapest"]
[BlackTeam "ASE II. Paks"]
[WhiteTeamCountry "HUN"]
[BlackTeamCountry "HUN"]

1. d4 Nf6 2. c4 c5 3. d5 g6 4. Nc3 Bg7 5. e4 d6 6. Be2 O-O 7. Be3 e6 8. Nf3
exd5 9. cxd5 Re8 10. Nd2 a6 11. a4 Nbd7 12. O-O Rb8 13. Qc2 Nf8 14. a5 b5 15.
axb6 Qxb6 16. Nc4 Qd8 17. Bf4 Rb4 18. Nxd6 Re7 19. Nxc8 Qxc8 20. Bd6 Ra7 21. e5
Ne8 22. Ne4 Nxd6 23. Nxd6 Qb8 24. Qxc5 Bxe5 25. Nb5 Bxh2+ 26. Kh1 Rh4 27. g3
Bxg3+ 28. Kg1 Bh2+ 29. Kg2 Rb7 30. Rxa6 Qe5 31. Re1 Qg5+ 32. Bg4 Rxg4+ 33. Kf3
Rf4+ 34. Ke3 0-1

[Event "NB I. Charousek csoport"]
[Site "Komlo"]
[Date "2024.04.21"]
[Round "10.1"]
[White "Margl, Roland"]
[Black "Csiszar, Csaba"]
[Result "1/2-1/2"]
[WhiteElo "2280"]
[BlackElo "2368"]
[PlyCount "53"]
[EventDate "2023.10.08"]
[EventType "team-tourn"]
[EventRounds "11"]
[EventCountry "HUN"]
[Source "chess.hu"]
[WhiteTeam "Szechenyi ESE Gyor"]
[BlackTeam "Komloi BSK"]
[WhiteTeamCountry "HUN"]
[BlackTeamCountry "HUN"]

1. d4 Nf6 2. c4 e6 3. Nf3 c5 4. d5 b5 5. dxe6 fxe6 6. cxb5 d5 7. Nc3 Nbd7 8. e4
d4 9. Nb1 Be7 10. Bd3 O-O 11. Qe2 Ng4 12. Nbd2 Nde5 13. Nxe5 Nxe5 14. Nc4 Nxd3+
15. Qxd3 a6 16. bxa6 Bxa6 17. O-O Rb8 18. b3 Rb4 19. Bd2 Bxc4 20. bxc4 Ra4 21.
Rfb1 Qa8 22. a3 Qa6 23. Rb5 Ra8 24. Bc1 Rb4 25. Rb1 Rxb1 26. Qxb1 d3 27. Rb8+
1/2-1/2

[Event "NB I. Charousek csoport"]
[Site "Komlo"]
[Date "2024.04.21"]
[Round "10.2"]
[White "Karsa, Laszlo"]
[Black "Gyurkovics, Bence Dr"]
[Result "1/2-1/2"]
[WhiteElo "2319"]
[BlackElo "2260"]
[PlyCount "41"]
[EventDate "2023.10.08"]
[EventType "team-tourn"]
[EventRounds "11"]
[EventCountry "HUN"]
[Source "chess.hu"]
[WhiteTeam "Komloi BSK"]
[BlackTeam "Szechenyi ESE Gyor"]
[WhiteTeamCountry "HUN"]
[BlackTeamCountry "HUN"]

1. e4 e5 2. Nf3 Nc6 3. Nc3 Nf6 4. Bb5 Nd4 5. Nxe5 Qe7 6. Nf3 Nxb5 7. Nxb5 Qxe4+
8. Qe2 Qxe2+ 9. Kxe2 Nd5 10. Re1 a6 11. Kf1+ Be7 12. c4 axb5 13. cxd5 d6 14. b3
Kf8 15. Bb2 Bd8 16. a3 c5 17. dxc6 bxc6 18. b4 Bd7 19. Rac1 h5 20. h4 Rh6 21.
Re3 1/2-1/2

[Event "NB I. Charousek csoport"]
[Site "Komlo"]
[Date "2024.04.21"]
[Round "10.3"]
[White "Csuta, Akos Koppany"]
[Black "Ivan, Attila"]
[Result "1/2-1/2"]
[WhiteElo "2119"]
[BlackElo "2219"]
[PlyCount "22"]
[EventDate "2023.10.08"]
[EventType "team-tourn"]
[EventRounds "11"]
[EventCountry "HUN"]
[Source "chess.hu"]
[WhiteTeam "Szechenyi ESE Gyor"]
[BlackTeam "Komloi BSK"]
[WhiteTeamCountry "HUN"]
[BlackTeamCountry "HUN"]

1. e4 e5 2. Nf3 Nc6 3. Bb5 a6 4. Ba4 Nf6 5. d3 b5 6. Bb3 Be7 7. Nbd2 d6 8. c3
Na5 9. Bc2 c5 10. Nf1 O-O 11. Ng3 Nc6 1/2-1/2